000 00884nam a2200241 i 4500
003 IT-RoINE
005 20190109090752.0
008 041027s2003 it r 000 | ita d
020 _a8826314721
245 0 0 _aLavoro-Progresso-Ricerca nei Padri della Chiesa /
_channo collaborato: Antonio Bonato ... [et al.]
260 _aRoma :
_bBorla,
_c2003.
300 _a304 p. ;
_c20 cm.
336 _2rdacontent
_atext
337 _2rdamedia
_aunmediated
338 _2rdacarrier
_avolume
490 1 _aDizionario di spiritualità biblico-patristica ;
_v35
504 _aIncluye referencias bibliográficas en notas, al final de cada capítulo.
630 4 _97791
_aBiblia
_xEnseñanza patrística
630 4 _9677
_aBiblia
_xCrítica, interpretación, etc.
700 1 _aBonato, Antonio
_933591
830 0 _aDizionario di spiritualità biblico-patristica ;
_933565
_v35
942 _cMTS
999 _c16900
_d16900